ბათუმის შოთა რუსთაველის სახელმწიფო უნივერსიტეტის ბიბლიოთეკა

Discrete-time processing of speech signals / (ბიბ.ჩანაწერი № 57591)

000 -LEADER
fixed length control field 01721cam a22003614a 4500
001 - CONTROL NUMBER
control field 2631070
005 - DATE AND TIME OF LATEST TRANSACTION
control field 20200810130113.0
008 - FIXED-LENGTH DATA ELEMENTS--GENERAL INFORMATION
fixed length control field 990507s2000 nyua b 001 0 eng
010 ## - LIBRARY OF CONGRESS CONTROL NUMBER
LC control number 99031911
020 ## - INTERNATIONAL STANDARD BOOK NUMBER
International Standard Book Number 9780780353862
040 ## - CATALOGING SOURCE
Original cataloging agency DLC
Transcribing agency DLC
Modifying agency DLC
042 ## - AUTHENTICATION CODE
Authentication code pcc
050 10 - LIBRARY OF CONGRESS CALL NUMBER
Classification number TK7882.S65
Item number D44 2000
080 ## - UNIVERSAL DECIMAL CLASSIFICATION NUMBER
Universal Decimal Classification number 621.382.2 D-34
082 00 - DEWEY DECIMAL CLASSIFICATION NUMBER
Edition number 21
100 1# - MAIN ENTRY--PERSONAL NAME
Personal name Deller, John R.
9 (RLIN) 9149
245 10 - TITLE STATEMENT
Title Discrete-time processing of speech signals /
Statement of responsibility, etc. John R. Deller, Jr., John H.L. Hansen, John G. Proakis.
260 ## - PUBLICATION, DISTRIBUTION, ETC.
Place of publication, distribution, etc. New York :
Name of publisher, distributor, etc. Institute of Electrical and Electronics Engineers,
Date of publication, distribution, etc. c2000.
300 ## - PHYSICAL DESCRIPTION
Extent xxiv, 908 p. :
Other physical details ill. ;
Dimensions 24 cm.
500 ## - GENERAL NOTE
General note Originally published: New York : Macmillan, 1993.
504 ## - BIBLIOGRAPHY, ETC. NOTE
Bibliography, etc. note Includes bibliographical references (p. 851-897) and index.
650 #0 - SUBJECT ADDED ENTRY--TOPICAL TERM
Topical term or geographic name entry element Speech processing systems.
9 (RLIN) 9150
650 #0 - SUBJECT ADDED ENTRY--TOPICAL TERM
Topical term or geographic name entry element Discrete-time systems.
9 (RLIN) 8496
653 ## - INDEX TERM--UNCONTROLLED
keyword მეტყველების სიგნალების დისკრეტული დროით დამუშავება
700 1# - ADDED ENTRY--PERSONAL NAME
Personal name Hansen, John H. L.
Relator term ავტორი
9 (RLIN) 9151
700 1# - ADDED ENTRY--PERSONAL NAME
Personal name Proakis, John G.
Relator term ავტორი
9 (RLIN) 9152
856 42 - ELECTRONIC LOCATION AND ACCESS
Materials specified Contributor biographical information
Uniform Resource Identifier http://www.loc.gov/catdir/bios/wiley043/99031911.html
856 42 - ELECTRONIC LOCATION AND ACCESS
Materials specified Publisher description
Uniform Resource Identifier http://www.loc.gov/catdir/description/wiley036/99031911.html
856 4# - ELECTRONIC LOCATION AND ACCESS
Materials specified Table of Contents
Uniform Resource Identifier http://www.loc.gov/catdir/toc/onix07/99031911.html
906 ## - LOCAL DATA ELEMENT F, LDF (RLIN)
a 7
b cbc
c orignew
d 1
e ocip
f 19
g y-gencatlg
942 ## - ADDED ENTRY ELEMENTS (KOHA)
Source of classification or shelving scheme
Koha item type წიგნი
ეგზემპლარები
Withdrawn status Lost status Source of classification or shelving scheme Damaged status Not for loan Permanent Location Current Location Shelving location Date acquired Cost, normal purchase price Full call number Barcode Date last seen Copy number Price effective from Koha item type Public note
          ბათუმის შოთა რუსთაველის სახელმწიფო უნივერსიტეტის მთავარი ბიბლიოთეკა ბათუმის შოთა რუსთაველის სახელმწიფო უნივერსიტეტის მთავარი ბიბლიოთეკა წიგნსაცავი 2020-08-10 141.00 621.382.2 D-34 60792 2020-08-10 60792 2020-08-10 წიგნი 141 ლ.